[Event "Oberbayerische Jugend-EM 2013/14  U14"]
[Site "Bairawies"]
[Date "2014.03.08"]
[Round "5"]
[White "Gauchel, Lorenz"]
[Black "Daoud, Marcel"]
[Result "1/2-1/2"]
[BlackElo "1737"]
[WhiteElo "1798"]

1.Nf3 e6 2.d4 Nf6 3.Bf4 c5 4.e3 Nc6 5.c3 Be7 6.Bd3 cxd4 7.exd4 d6 8.h3 O-O 9.O-O Re8
10.Re1 Bd7 11.Nbd2 Bf8 12.Nc4 Qc7 13.a4 a6 14.a5 Nd5 15.Bg3 h6 16.Qb3 Rab8 17.Nb6
Nxb6 18.axb6 Qd8 19.c4 Ra8 20.Bc2   1/2-1/2

[Event "Oberbayerische Jugend-EM 2013/14  U14"]
[Site "Bairawies"]
[Date "2014.03.08"]
[Round "4"]
[White "Schuster, Alexander"]
[Black "Hashagen, Tim"]
[Result "1/2-1/2"]
[BlackElo "1312"]
[WhiteElo "1232"]

1.e4 e6 2.Nc3 d5 3.d4 Nf6 4.e5 Nfd7 5.Bd3 c5 6.Be3 Qb6 7.Bb5 Nc6 8.Nf3 cxd4 9.Bxd4
Nxd4 10.Qxd4 Bc5 11.Qd2 O-O 12.O-O d4 13.Bxd7 dxc3 14.bxc3 Bxd7 15.Qxd7 Rfd8 16.Qa4
Rac8 17.Qb3 Rc7 18.a4 Rcd7 19.a5 Bxf2+ 20.Kh1 Qe3 21.h3 Bg3 22.c4 Qc5 23.Qb5 Qxb5
24.cxb5 Rd5 25.c4 Rc5 26.Rfd1 Rdc8 27.Rac1 Bxe5 28.Nxe5 Rxe5 29.Rd7 Rb8 30.Rcd1 
 1/2-1/2

[Event "Oberbayerische Jugend-EM 2013/14  U14"]
[Site "Bairawies"]
[Date "2014.03.08"]
[Round "5"]
[White "Maillinger, Michael"]
[Black "Ott, Josef Sebastian"]
[Result "1-0"]
[BlackElo "1733"]
[WhiteElo "1359"]

1.e4 e5 2.Nf3 Nc6 3.Bc4 Bc5 4.c3 Nf6 5.d3 O-O 6.Bb3 d6 7.Bg5 Be6 8.Nbd2 Ne7 9.Bxf6
gxf6 10.h3 Ng6 11.g3 f5 12.Bxe6 fxe6 13.Qb3 Qc8 14.Ng5 Re8 15.exf5 Nf8 16.f6 Rd8
17.f4 exf4 18.gxf4 d5 19.d4 Bb6 20.Rg1 Ng6 21.Ndf3 c5 22.Ne5 cxd4 23.Nxg6 hxg6 24.Qc2
d3 25.Qxd3 Kh8 26.Qxg6 Rd7 27.f7 Bf2+ 28.Kd1   1-0

[Event "Oberbayerische Jugend-EM 2013/14  U14"]
[Site "Bairawies"]
[Date "2014.03.08"]
[Round "5"]
[White "Kienle, Jan"]
[Black "Yaroshenko, Yaroslav"]
[Result "1/2-1/2"]
[BlackElo "1257"]
[WhiteElo "1279"]

1.c4 e5 2.Nc3 Nf6 3.Nf3 Nc6 4.g3 Bc5 5.e3 d6 6.Bg2 Be6 7.Qb3 Bb6 8.Qa4 O-O 9.O-O Qd7
10.d3 Bh3 11.Rd1 Bxg2 12.Kxg2 Qe7 13.Qc2 Rfe8 14.e4 Nd4 15.Nxd4 Bxd4 16.Bg5 h6 17.Nd5
Qd8 18.Nxf6+ gxf6 19.Bxh6 Kh7 20.Bd2 Kg7 21.Qc1 Kf8 22.f4 c5 23.Rb1 b6   1/2-1/2

[Event "Oberbayerische Jugend-EM 2013/14  U14"]
[Site "Bairawies"]
[Date "2014.03.08"]
[Round "5"]
[White "Deppe, Martin"]
[Black "Russakis, Anthimos"]
[Result "1/2-1/2"]
[BlackElo "1217"]
[WhiteElo "1066"]

1.e4 c5 2.Nf3 d6 3.Nc3 e6 4.Bc4 a6 5.d3 Nf6 6.Bg5 Be7 7.e5 Nfd7 8.Bxe7 Qxe7 9.exd6
Qxd6 10.O-O b5 11.Bb3 Bb7 12.a3 O-O 13.Ne4 Qf4 14.Neg5 Qg4 15.Re1 Re8 16.h3 Qf5 17.Ne4
Qf4 18.g3 Qc7   1/2-1/2

[Event "Oberbayerische Jugend-EM 2013/14  U14"]
[Site "Bairawies"]
[Date "2014.03.08"]
[Round "5"]
[White "Beisenow, Dias"]
[Black "Meier, Jannik"]
[Result "1-0"]
[BlackElo "1042"]
[WhiteElo "1181"]

1.e4 c6 2.d4 d5 3.Nc3 dxe4 4.Nxe4 Nd7 5.Qf3 h6 6.Be3 Ngf6 7.Nxf6+ Nxf6 8.Bd3 Bg4 9.Qg3
e6 10.Nh3 Bd6 11.Bf4 Bxf4 12.Nxf4 Qxd4 13.Rb1 Qe5+ 14.Qe3 Qa5+ 15.c3 Qxa2 16.h3 Bh5
17.g4 Bg6 18.Nxg6 fxg6 19.Bxg6+ Kd7 20.Rd1+ Nd5 21.Bf7 Kc7 22.Qe5+ Kb6 23.Bg6 Qxb2
24.Rb1 Qxb1+ 25.Bxb1 Rae8 26.Qd4+ c5 27.Qxg7 e5 28.c4 Nc3 29.O-O Ne2+ 30.Kh2 e4 31.Qg6+
Kc7 32.Bxe4 Nf4 33.Qf7+ Kd8 34.Rd1+ Kc8 35.Qxb7#   1-0